Memoria /
Descripción Física:
10 volums ; 22 cm
Idioma:
Español
MARC
| LEADER | 00000nam a2200000Ia 4500 | ||
|---|---|---|---|
| 001 | 10723, 10724, 10725, 10726, 10727, 10728, 10729, 10730, 10731, 10732 | ||
| 003 | Arxiu | ||
| 005 | 20260410113638.0 | ||
| 008 | 160829d19461955spc x spspa c | ||
| 040 | |a AGDB | ||
| 080 | |a FU-11-67, FU-11-68, S-1-155, S-1-156, S-1-157, S-1-158, S-1-159, S-1-160, S-1-161, S-1-162 | ||
| 110 | 2 | |9 56043 |a Federació de Mutualitats de Catalunya | |
| 245 | |a Memoria / |c Federación de Mutualidades de Cataluña | ||
| 260 | |a Barcelona : |b Federación de Mutualidades de Cataluña, |c 1945-1955? | ||
| 300 | |a 10 volums ; |c 22 cm | ||
| 610 | 2 | 0 | |9 56043 |a Federació de Mutualitats de Catalunya |
| 650 | |a Mutualisme |9 33987 | ||
| 856 | 4 | |u https://media.diba.cat/diba/fitxers/arxiu/fulletons/bib_10724_1946_baixa.pdf |y Any 1946 | |
| 856 | 4 | |u https://media.diba.cat/diba/fitxers/arxiu/fulletons/bib_10723_1939_1945_baixa.pdf |y Anys 1939-1945 | |
| 856 | 4 | |u https://media.diba.cat/diba/fitxers/arxiu/fulletons/bib_10724_1946_baixa.pdf |y Any 1946 | |
| 856 | 4 | |u https://media.diba.cat/diba/fitxers/arxiu/fulletons/bib_10723_1939_1945_baixa.pdf |y Anys 1939-1945 | |
| 866 | |a De 1939 a 1945, 1946, 1947, 1948, 1949, 1950, 1951, 1952, 1953, 1954 | ||
| 900 | |a bib_10723_1939_1945_baixa.pdf | ||
| 900 | |a bib_10724_1946_baixa.pdf | ||
| 901 | |a Arxiu | ||
| 942 | |n 1 |2 udc |c ARXIU | ||
| 952 | |0 0 |1 0 |4 0 |6 S1155_S1156_S1157_S1158_S1159_S1160_S1161_S1162 |7 1 |9 46333 |a Arxiu |b Arxiu |d 2016-12-01 |o S-1-155, S-1-156, S-1-157, S-1-158, S-1-159, S-1-160, S-1-161, S-1-162 |p 10725 |r 2016-12-01 00:00:00 |w 2016-12-01 |y ARXIU | ||
| 952 | |0 0 |1 0 |4 0 |6 FU1167 |7 1 |9 65757 |a Arxiu |b Arxiu |d 2023-03-22 |h 1939-1945 |l 0 |o FU-11-67 |p 10723 |r 2023-03-22 00:00:00 |w 2023-03-22 |y ARXIU | ||
| 952 | |0 0 |1 0 |4 0 |6 FU1168 |7 1 |9 65758 |a Arxiu |b Arxiu |d 2023-03-22 |h 1946 |l 0 |o FU-11-68 |p 10724 |r 2023-03-22 00:00:00 |w 2023-03-22 |y ARXIU | ||
| 999 | |c 50118 |d 50118 | ||